00410nam a2200181Ia 4500008004100000020001800041050001400059100001600073245002200089245001600111260001500127260001600142260000900158300001600167300002700183300001000210500000800220170918s9999 xx 000 0 und d a9780545387316 bR328 2010 aRees, Celia 4aThe fool's girl / cCelia Rees. aNew York : bScholastic, c2010 a297 pages : bcolored illustration ; c19cm. a780